Focus sur: Monaco - Statistiques

Statistiques générales
  • Ce quiz a été pris 175 fois
  • Le résultat moyen est 10 sur 16
Statistiques - réponses
Informations recherchées Réponses % Correct
Langue officielle Français
96%
Monnaie Euro
95%
Frontière France
95%
Couleur du drapeau (bas) Blanc
94%
Capitale Monaco
94%
Couleur du drapeau (haut) Rouge
94%
Nom des habitants du pays Monégasque
92%
Nom des habitants de la capitale Monégasque
92%
Nom complet Principauté de Monaco
72%
Superficie (arrondi à l'unité de kilomètres carrés près) 2,02 kilomètres carrés
71%
Nombre d'habitants de la capitale (arrondi à la dizaine de mille près) 37 308
49%
Nombre d'habitants (arrondi à la dizaine de mille près) 37 308 habitants
48%
Régime politique Monarchie constitutionnelle
26%
Indicateur téléphonique +377
9%
Devise nationale Deo Juvante
8%
Hymne national Hymne Monégasque
5%
Aucun quiz correspondant
Distribution des résultats
% des personnes avec chaque résultat
Percentile par nombre de réponses
Votre historique - résultats
Vous n’avez pas pris ce quiz